Most Common Last Names in Brazil - Statistics

General Stats
  • This quiz has been taken 8 times
  • The average score is 8 of 20
Answer Stats
Rank # Last Name % Correct
34.030.104 Silva
100%
11.708.947 Oliveira
75%
6.226.228 Ferreira
50%
6.094.630 Lima
50%
21.367.475 Santos
50%
5.756.825 Alves
38%
20º 2.599.978 Carvalho
38%
10º 4.861.083 Costa
38%
12º 4.046.634 Gomes
38%
15º 3.127.425 Ribeiro
38%
5.428.540 Rodrigues
38%
19º 2.615.284 Soares
38%
11º 4.797.390 Sousa
38%
18º 2.738.119 Barbosa
25%
17º 2.859.490 Jesus
25%
6.888.212 Pereira
25%
9.197.158 Souza
25%
16º 3.069.183 Almeida
13%
14º 3.460.940 Araújo
13%
13º 3.609.232 Nascimento
13%
No matching quizzes found
Score Distribution
Percent of People with Each Score
Percentile by Number Answered
Your Score History
You have not taken this quiz